LIBRARY & INFORMATION CENTRE, KCAET, TAVANUR

ONLINE PUBLIC ACCESS CATALOGUE (OPAC)

guide for agricultural competitive examinationos (Record no. 15291)

MARC details
000 -LEADER
fixed length control field 00422nam a22001577a 4500
020 ## - INTERNATIONAL STANDARD BOOK NUMBER
ISBN 978-93-5124-820-0
082 ## - DEWEY DECIMAL CLASSIFICATION NUMBER
Classification number 630.76
Item number SHA/GU
100 ## - MAIN ENTRY--AUTHOR NAME
Personal name Sharma, R. K (Edi.)
245 ## - TITLE STATEMENT
Title guide for agricultural competitive examinationos
250 ## - EDITION STATEMENT
Edition statement 3
260 ## - PUBLICATION, DISTRIBUTION, ETC. (IMPRINT)
Place of publication New Delhi
Name of publisher Daya Publishing House
Year of publication 2017
700 ## - ADDED ENTRY--PERSONAL NAME
Personal name Panday, N
700 ## - ADDED ENTRY--PERSONAL NAME
Personal name Singh, A. P
700 ## - ADDED ENTRY--PERSONAL NAME
Personal name Maitry, R. S
942 ## - ADDED ENTRY ELEMENTS (KOHA)
Koha item type Books
Holdings
Withdrawn status Lost status Damaged status Home library Current library Date acquired Cost, normal purchase price Full call number Accession Number Koha item type
      KAUAET KAUAET 27/02/2018 345.00 630.76 SHA/GU 25469 Books
      KAUAET KAUAET 27/02/2018 345.00 630.76 SHA/GU 25470 Books
free website counter